00253nam a2200109Ia 4500008004100000100001700041245002900058260001800087650001400105942000700119999001700126190216s9999||||xx |||||||||||||| ||und|| aKesavan Nair 0aMalayalam-Panchayathukal bCurrent Books aMalayalam cBK c23974d23974